000 00926nac a22002771i 4500
003 EG-ScBUE
005 20241107093112.0
008 241107t1999 nyua f b 001 0 eng d
020 _a0387987258 (hardcover : alk. paper)
020 _a9780387987255
040 _aEG-ScBUE
_beng
_erda
_cEG-ScBUE
_dEG-ScBUE
082 0 4 _a519.23
_bKUL
_222
100 1 _aKulkarni, Vidyadhar G.,
_eauthor.
245 1 0 _aModeling, analysis, design, and control of stochastic system /
_cV.G. Kulkarni.
264 1 _aNew York :
_bSpringer,
_c[1999]
264 4 _cc1999
300 _axiv, 374 pages :
_billustrations ;
_c25 cm.
336 _2rdacontent
_atext
_btxt
337 _aunmediated
_2rdamedia
_bn
338 _avolume
_bnc
_2rdacarrier
490 0 _aSpringer texts in statistics
504 _aIncludes bibliographical references and index.
650 7 _aStochastic processes.
_2BUEsh
655 _vReading book
942 _cBB
_2ddc
999 _c1237
_d1237